000 00578cam a2200181 a 4500
020 _a0701135271 :
082 0 0 _a954.91
_bIMR
_cL-NUST, P-42
100 1 _aKhan, Imran,
_918825
245 1 0 _aIndus journey :
_ba personal view of Pakistan /
_cImran Khan ; photographs by Mike Goldwater.
260 _aLondon :
_bChatto & Windus,
_c1990.
300 _a144 p. :
_bcol. ill., col. map ;
_c31 cm.
500 _aIncludes index.
526 _a0
_b0
_c0
_d954_910000000000000_IMR
590 _aIn English.
650 _aNUST
_96342
700 1 _aGoldwater, Mike.
_946368
942 _2ddc
_cBK
999 _c549718
_d549718